[Event "OLNW 2324 SK Kirchweyhe II - SV Werder B"]
[Site "Kirchweyhe"]
[Date "2024.02.04"]
[Round "5.5"]
[White "Buchal, Stephan"]
[Black "Kovacevic, Blazimir"]
[Result "1/2-1/2"]
[WhiteElo "2176"]
[BlackElo "2386"]
[PlyCount "131"]
[EventDate "2024.??.??"]

1. c4 b6 2. Nc3 Bb7 3. e4 e6 4. g3 f5 5. Bg2 Nf6 6. d3 fxe4 7. a3 Be7 8. Nge2 O-O 9. O-O e5 10. dxe4 Nc6 11. h3 Kh8 12. Nd5 Na5 13. Qc2 c5 14. f4 Nc6 15. fxe5 Nxe5 16. Bf4 Bd6 17. Nxf6 Qxf6 18. Rad1 Qe6 19. b3 Bc6 20. Nc3 Rae8 21. Nd5 Bb8 22. Rf2 Rf7 23. Rdf1 Ref8 24. a4 Ng6 25. Bxb8 Rxf2 26. Rxf2 Rxb8 27. Rf5 Bxd5 28. exd5 Qe3+ 29. Kh2 d6 30. Rf3 Qe7 31. Rf2 Ne5 32. Qf5 Re8 33. Be4 g6 34. Qf6+ Kg8 35. Kg2 Nd7 36. Qxe7 Rxe7 37. Re2 Kg7 38. Bf3 Rxe2+ 39. Bxe2 Kf6 40. Kf3 Ke5 41. Ke3 Nf6 42. Bf3 g5 43. g4 h6 44. Bg2 h5 45. gxh5 Nxh5 46. Bf3 Ng3 47. Bg4 Nf1+ 48. Ke2 Ng3+ 49. Ke3 Ne4 50. Bh5 Nf6 51. Be2 Ng8 52. Bg4 Ne7 53. Be6 Ng6 54. Bc8 Nf4 55. Bg4 Kf6 56. Ke4 Ng2 57. Bf3 Nh4 58. Bg4 Ng6 59. Bf5 Nf4 60. Bg4 Ng6 61. Bf5 Nh4 62. Bg4 Kg6 63. Ke3 Ng2+ 64. Kf2 Nf4 65. Ke3 Kf6 66. Ke4 1/2-1/2

[Event "OLNW 2324 SK Kirchweyhe II - SV Werder B"]
[Site "Kirchweyhe"]
[Date "2024.02.04"]
[Round "5.6"]
[White "Genov, Petar"]
[Black "Franke, Reiner"]
[Result "1/2-1/2"]
[WhiteElo "2412"]
[BlackElo "2156"]
[PlyCount "45"]
[EventDate "2024.??.??"]

1. Nf3 c5 2. c4 Nc6 3. g3 g6 4. Bg2 Bg7 5. O-O e6 6. Nc3 Nge7 7. d3 O-O 8. Ne4 d6 9. Rb1 b6 10. a3 d5 11. cxd5 exd5 12. Nc3 h6 13. Bd2 Be6 14. b4 cxb4 15. axb4 d4 16. Na4 Nd5 17. Qc1 Rc8 18. Qb2 Qf6 19. Rfc1 g5 20. h3 Nce7 21. Qa3 Nf5 22. Rxc8 Rxc8 23. Rc1 1/2-1/2

[Event "OLNW 2324 SK Kirchweyhe II - SV Werder B"]
[Site "Kirchweyhe"]
[Date "2024.02.04"]
[Round "5.7"]
[White "Diederichsen, Detlev"]
[Black "Medak, Bojan"]
[Result "0-1"]
[WhiteElo "2160"]
[BlackElo "2331"]
[PlyCount "52"]
[EventDate "2024.??.??"]

1. e4 c5 2. Nf3 d6 3. d4 cxd4 4. Nxd4 Nf6 5. Nc3 g6 6. Be3 Nc6 7. f3 h5 8. Qd2 Nxd4 9. Bxd4 Bh6 10. Be3 Bxe3 11. Qxe3 Be6 12. Bd3 Qa5 13. O-O Rc8 14. Kh1 h4 15. Rae1 a6 16. Ne2 Qc5 17. Nd4 Bxa2 18. b3 e5 19. Qg5 Nh7 20. Qh6 Qxd4 21. Bc4 Ke7 22. Rd1 Qc3 23. Qg7 Ng5 24. Rxd6 Kxd6 25. Qf6+ Ne6 26. Rd1+ Kc7 0-1

[Event "OLNW 2324 SK Kirchweyhe II - SV Werder B"]
[Site "Kirchweyhe"]
[Date "2024.02.04"]
[Round "5.8"]
[White "Vernacki, Srdjan"]
[Black "Weidenhoefer, Max"]
[Result "1/2-1/2"]
[WhiteElo "2266"]
[BlackElo "2024"]
[PlyCount "63"]
[EventDate "2024.??.??"]

1. c4 e6 2. Nf3 d5 3. e3 Nf6 4. b3 Be7 5. Bb2 O-O 6. Be2 b6 7. O-O Bb7 8. Nc3 Nbd7 9. Rc1 Rc8 10. cxd5 Nxd5 11. Nxd5 Bxd5 12. d4 c5 13. Bd3 cxd4 14. Nxd4 Rxc1 15. Qxc1 Nc5 16. Bb1 Qa8 17. f3 Rc8 18. Qe1 a5 19. e4 Bb7 20. Qg3 Bf8 21. Rd1 a4 22. Qe1 Rd8 23. Kh1 axb3 24. Nxb3 Nxb3 25. axb3 Qa5 26. Qg1 Rd2 27. Rxd2 Qxd2 28. Bc1 Qe2 29. Qxb6 Qd1+ 30. Qg1 Qxb3 31. Be3 Ba6 32. h3 1/2-1/2

[Event "OLNW 2324 Delmenhorster SK - SV Hellern"]
[Site "?"]
[Date "2024.02.04"]
[Round "5.1"]
[White "Hoffmann, Alexander"]
[Black "Warakomski, Tomasz"]
[Result "1/2-1/2"]
[WhiteElo "2407"]
[BlackElo "2549"]
[PlyCount "43"]
[EventDate "2024.??.??"]

1. Nf3 d5 2. d4 Nf6 3. c4 e6 4. g3 Bb4+ 5. Bd2 Be7 6. Bg2 O-O 7. O-O c6 8. Qc2 Nbd7 9. Rd1 b6 10. Bf4 Bb7 11. Nc3 dxc4 12. Nd2 Nd5 13. Nxc4 Nxf4 14. gxf4 Qc7 15. e3 Rad8 16. Rac1 c5 17. d5 exd5 18. Nxd5 Bxd5 19. Rxd5 b5 20. Ne5 Nxe5 21. Rxe5 Bd6 22. Rd5 {(=)} 1/2-1/2

[Event "OLNW 2324 Delmenhorster SK - SV Hellern"]
[Site "?"]
[Date "2024.02.04"]
[Round "5.2"]
[White "Pahl, Theis"]
[Black "Gronde, Ingo"]
[Result "0-1"]
[WhiteElo "2086"]
[BlackElo "2301"]
[PlyCount "58"]
[EventDate "2024.??.??"]

1. c4 f5 2. d4 e6 3. a3 Nf6 4. Nc3 d5 5. Bf4 c6 6. e3 Bd6 7. c5 Bxf4 8. exf4 b6 9. Nf3 O-O 10. Ne5 bxc5 11. dxc5 Nfd7 12. Qd4 Nxe5 13. Qxe5 Qe7 14. Na4 Nd7 15. Qc7 Rb8 16. Be2 e5 17. fxe5 Qxe5 18. Qxe5 Nxe5 19. f4 Ng4 20. Bxg4 fxg4 21. g3 Re8+ 22. Kd2 Re4 23. b4 a5 24. Rhe1 axb4 25. Rxe4 dxe4 26. Rb1 bxa3 27. Nb6 Be6 28. Ke3 Rd8 29. Ra1 a2 0-1

[Event "OLNW 2324 Delmenhorster SK - SV Hellern"]
[Site "?"]
[Date "2024.02.04"]
[Round "5.3"]
[White "Boettcher, Christian"]
[Black "Pahl, Erik"]
[Result "1/2-1/2"]
[WhiteElo "2187"]
[BlackElo "2162"]
[PlyCount "129"]
[EventDate "2024.??.??"]

1. e4 e5 2. Nf3 Nc6 3. Nc3 Nf6 4. d4 exd4 5. Nxd4 Bb4 6. Nxc6 bxc6 7. Bd3 d5 8. exd5 O-O 9. O-O cxd5 10. Bg5 c6 11. Qf3 Bd6 12. Bxf6 Qxf6 13. Qxf6 gxf6 14. Ne2 Re8 15. Rfe1 Be6 16. Rad1 Bc7 17. b4 a5 18. a3 axb4 19. axb4 Bg4 20. f3 Bh5 21. Bf5 Re7 22. Ng3 Rxe1+ 23. Rxe1 Bg6 24. Bd7 Bb6+ 25. Kh1 Bxc2 26. Bxc6 Rd8 27. Rc1 Bb3 28. Bb5 Rb8 29. Bd3 Bc4 30. Bxc4 Rc8 31. Nf5 Rxc4 32. Re1 Kf8 33. Ra1 Rc8 34. g4 Rd8 35. Kg2 d4 36. Rd1 Rc8 37. f4 Rc2+ 38. Kf3 Rxh2 39. Nxd4 Bxd4 40. Rxd4 Rb2 41. Ke4 Ke7 42. Kd3 f5 43. g5 f6 44. gxf6+ Kxf6 45. Kc4 h5 46. Rd6+ Kg7 47. Rd3 Rf2 48. b5 Rxf4+ 49. Kc5 Rf1 50. Rb3 Rc1+ 51. Kd6 Kf6 52. b6 Rd1+ 53. Kc7 Rc1+ 54. Kb8 f4 55. b7 Kf5 56. Ka7 Rc7 57. Ka6 Rxb7 58. Rxb7 f3 59. Kb5 Ke4 60. Kc4 Ke3 61. Re7+ Kd2 62. Rd7+ Ke2 63. Re7+ Kd2 64. Rd7+ Ke2 65. Re7+ 1/2-1/2

[Event "OLNW 2324 Delmenhorster SK - SV Hellern"]
[Site "?"]
[Date "2024.02.04"]
[Round "5.4"]
[White "Mossakowski, Florian"]
[Black "Lehmann, Holger"]
[Result "1/2-1/2"]
[WhiteElo "2282"]
[BlackElo "2111"]
[PlyCount "26"]
[EventDate "2024.??.??"]

1. e4 c5 2. c3 d5 3. exd5 Qxd5 4. d4 Nc6 5. Be3 cxd4 6. cxd4 e6 7. Nc3 Bb4 8. Nf3 Nf6 9. Bd3 O-O 10. O-O Bxc3 11. bxc3 Na5 12. Qe2 b6 13. Bg5 Bb7 {(=)} 1/2-1/2

[Event "OLNW 2324 Delmenhorster SK - SV Hellern"]
[Site "?"]
[Date "2024.02.04"]
[Round "5.5"]
[White "Lewin, Tammo"]
[Black "Hedke, Fred"]
[Result "1-0"]
[WhiteElo "2089"]
[BlackElo "2204"]
[PlyCount "65"]
[EventDate "2024.??.??"]

1. Nc3 e5 2. Nf3 Nc6 3. d4 exd4 4. Nxd4 Nf6 5. Bg5 Be7 6. Nf5 Bf8 7. e4 h6 8. Bh4 d6 9. Bb5 Bxf5 10. exf5 Be7 11. Bxc6+ bxc6 12. Qf3 d5 13. O-O-O O-O 14. g4 Rb8 15. g5 hxg5 16. Bxg5 Ne4 17. Bxe7 Qxe7 18. Nxe4 dxe4 19. f6 Qe5 20. Qc3 Qf4+ 21. Kb1 Rb5 22. fxg7 Rfb8 23. Rhg1 Qxf2 24. b3 Rc5 25. Qb2 Re8 26. Rdf1 Qd2 27. Rf6 Rh5 28. Rxf7 Kxf7 29. Rf1+ Ke7 30. Qf6+ Kd7 31. Qf7+ Re7 32. Qxh5 Qg2 33. Qf5+ 1-0

[Event "OLNW 2324 Delmenhorster SK - SV Hellern"]
[Site "?"]
[Date "2024.02.04"]
[Round "5.6"]
[White "Chokhonelidze, Giorgi"]
[Black "Happe, Reinhold"]
[Result "1/2-1/2"]
[WhiteElo "2280"]
[BlackElo "2095"]
[PlyCount "30"]
[EventDate "2024.??.??"]

1. Nf3 d5 2. c4 e6 3. b3 Nf6 4. Bb2 Be7 5. g3 O-O 6. Bg2 c6 7. O-O a5 8. d3 b5 9. Nbd2 Ba6 10. Rc1 Qb6 11. Qc2 Rc8 12. Ba1 Nbd7 13. Qb2 Rab8 14. cxd5 cxd5 15. Rxc8+ Rxc8 {(=)} 1/2-1/2

[Event "OLNW 2324 Delmenhorster SK - SV Hellern"]
[Site "?"]
[Date "2024.02.04"]
[Round "5.7"]
[White "Stock, Joerg"]
[Black "Juhnke, Karl"]
[Result "1-0"]
[WhiteElo "2075"]
[BlackElo "2140"]
[PlyCount "53"]
[EventDate "2024.??.??"]

1. e4 c5 2. Nf3 d6 3. d4 cxd4 4. Nxd4 Nf6 5. Nc3 a6 6. Bg5 e6 7. f4 Be7 8. Qf3 Qc7 9. O-O-O Nbd7 10. g4 b5 11. Bxf6 Nxf6 12. g5 Nd7 13. f5 Ne5 14. Qg3 b4 15. Nce2 Bb7 16. fxe6 Bxe4 17. Bg2 Bxg2 18. Qxg2 Rc8 19. Nf4 O-O 20. Nd5 Qd8 21. h4 Ng6 22. Kb1 Ne5 23. Nf5 Nc6 24. Ndxe7+ Nxe7 25. Nxd6 fxe6 26. Qe4 Qd7 27. Nxc8 1-0

[Event "OLNW 2324 Delmenhorster SK - SV Hellern"]
[Site "?"]
[Date "2024.02.04"]
[Round "5.8"]
[White "Grebener, Soeren"]
[Black "Kovermann, Peter"]
[Result "1/2-1/2"]
[WhiteElo "1974"]
[BlackElo "1993"]
[PlyCount "24"]
[EventDate "2024.??.??"]

1. e4 e6 2. d4 d5 3. Nd2 Nc6 4. c3 e5 5. exd5 Qxd5 6. Ngf3 exd4 7. Bc4 Qh5 8. cxd4 Be6 9. Bxe6 fxe6 10. Qb3 O-O-O 11. O-O Qd5 12. Qxd5 Rxd5 {(=)} 1/2-1/2

[Event "OLNW 2324 SK Nordhorn Blanke - SK Rickli"]
[Site "?"]
[Date "2024.02.04"]
[Round "5.1"]
[White "Ackermann, Dennie"]
[Black "Kroeze, Frank"]
[Result "0-1"]
[WhiteElo "2077"]
[BlackElo "2389"]
[PlyCount "71"]
[EventDate "2024.??.??"]

1. g3 e5 2. Nf3 Nc6 3. d4 e4 4. Ne5 Nce7 5. f3 d6 6. Nc4 d5 7. Ncd2 Nf5 8. Nb3 Nf6 9. Bg2 exf3 10. exf3 Bd6 11. O-O O-O 12. Re1 b6 13. Bg5 h6 14. Bxf6 Qxf6 15. f4 c6 16. N1d2 Nxd4 17. Ne4 dxe4 18. Nxd4 Rd8 19. c3 Bc5 20. Rxe4 Bf5 21. Re5 Rd6 22. Kf1 Rad8 23. Qf3 Bxd4 24. cxd4 Be6 25. Qc3 Rxd4 26. Rae1 c5 27. b3 Rd2 28. R1e2 Rxe2 29. Kxe2 Bg4+ 30. Ke3 Rd4 31. Be4 g5 32. Qe1 Qd6 33. Qc3 f6 34. Re8+ Kf7 35. Rh8 Rxe4+ 36. Kxe4 0-1

[Event "OLNW 2324 SK Nordhorn Blanke - SK Rickli"]
[Site "?"]
[Date "2024.02.04"]
[Round "5.2"]
[White "Maatman, Nick"]
[Black "Simon, Ralf-Axel"]
[Result "1-0"]
[WhiteElo "2391"]
[BlackElo "2029"]
[PlyCount "40"]
[EventDate "2024.??.??"]

1. e4 e5 2. Nf3 Nc6 3. Bc4 Nf6 4. d3 Bc5 5. a4 a5 6. Be3 Bxe3 7. fxe3 d5 8. exd5 Nxd5 9. Qe2 Be6 10. Nbd2 Qe7 11. O-O O-O 12. Kh1 Rad8 13. Rae1 Rfe8 14. Bb5 Bd7 15. Nc4 e4 16. dxe4 Qxe4 17. Ng5 Qg6 18. Nxf7 Nd4 19. Qd2 Bxb5 20. axb5 Rd7 1-0

[Event "OLNW 2324 SK Nordhorn Blanke - SK Rickli"]
[Site "?"]
[Date "2024.02.04"]
[Round "5.3"]
[White "Schmidt, Benjamin"]
[Black "Elgersma, Simon"]
[Result "1/2-1/2"]
[WhiteElo "1891"]
[BlackElo "2244"]
[PlyCount "67"]
[EventDate "2024.??.??"]

1. d4 d5 2. c4 e6 3. Nc3 Nf6 4. cxd5 exd5 5. Bg5 c6 6. e3 Bd6 7. Bd3 O-O 8. Nf3 Re8 9. O-O a5 10. Qc2 h6 11. Bh4 Na6 12. a3 Nc7 13. h3 Ne6 14. Ne5 Be7 15. f4 c5 16. Bb5 Rf8 17. Qd3 cxd4 18. exd4 Qb6 19. Bxf6 Bxf6 20. Nxd5 Qxd4+ 21. Qxd4 Nxd4 22. Bd3 Bxe5 23. fxe5 Be6 24. Be4 Nc6 25. Nc7 Rac8 26. Nxe6 fxe6 27. Rxf8+ Rxf8 28. Bxc6 bxc6 29. Rc1 Rf5 30. Rc5 a4 31. Ra5 Rf4 32. Rc5 Rf5 33. Ra5 Rf4 34. Rc5 1/2-1/2

[Event "OLNW 2324 SK Nordhorn Blanke - SK Rickli"]
[Site "?"]
[Date "2024.02.04"]
[Round "5.4"]
[White "Rietman, Frits"]
[Black "Spiess, Thomas"]
[Result "1-0"]
[WhiteElo "2221"]
[BlackElo "2000"]
[PlyCount "75"]
[EventDate "2024.??.??"]

1. e4 c5 2. Nf3 e6 3. c3 Nf6 4. e5 Nd5 5. d4 cxd4 6. cxd4 d6 7. Bc4 Be7 8. O-O O-O 9. Re1 Qc7 10. Bxd5 exd5 11. Nc3 Be6 12. Bg5 dxe5 13. Bxe7 Qxe7 14. Nxe5 Qd6 15. Rc1 Nc6 16. Nxc6 bxc6 17. Na4 Rab8 18. b3 Rb4 19. Qd2 Rb5 20. Nc5 Bc8 21. Qe3 Qf6 22. a3 g6 23. Rcd1 Kg7 24. h3 h5 25. Qe7 a5 26. Re3 Bf5 27. Re5 Qxe7 28. Rxe7 Bc2 29. Rde1 Rc8 30. Ra7 Bxb3 31. Ree7 Kh6 32. Rxf7 Bc2 33. f4 Rh8 34. Ne6 Rb1+ 35. Kh2 Be4 36. Ng5 Rb2 37. Rh7+ Rxh7 38. Rxh7# 1-0

[Event "OLNW 2324 SK Nordhorn Blanke - SK Rickli"]
[Site "?"]
[Date "2024.02.04"]
[Round "5.5"]
[White "Herrmann, Andreas"]
[Black "Lambrechts, Koen"]
[Result "0-1"]
[WhiteElo "1996"]
[BlackElo "2303"]
[PlyCount "84"]
[EventDate "2024.??.??"]

1. d4 e6 2. Nf3 f5 3. Bg5 Nf6 4. e3 Be7 5. Nbd2 b6 6. Bd3 Bb7 7. Qe2 O-O 8. O-O Ne4 9. Bxe7 Qxe7 10. c3 d6 11. a4 a5 12. Rfd1 Nd7 13. Nc4 Ndf6 14. Nfd2 e5 15. f3 Nxd2 16. Nxd2 Rae8 17. dxe5 Qxe5 18. Re1 Re7 19. Nb3 Rfe8 20. f4 Qxe3+ 21. Qxe3 Rxe3 22. Rxe3 Rxe3 23. Rd1 g6 24. Nd4 Kf8 25. Nb5 Re7 26. g3 Nd5 27. Bb1 Ke8 28. Ba2 Nf6 29. Nd4 Kd7 30. Bc4 c5 31. Nc2 Bc6 32. Ra1 Ng4 33. Ne1 Bxa4 34. b4 b5 35. Bf1 axb4 36. cxb4 c4 37. Nf3 Ne3 38. Nd4 Nxf1 39. Kxf1 Re3 40. Re1 Rd3 41. Ne6 c3 42. Nf8+ Kc6 0-1

[Event "OLNW 2324 SK Nordhorn Blanke - SK Rickli"]
[Site "?"]
[Date "2024.02.04"]
[Round "5.6"]
[White "Oehne, Timo"]
[Black "Arntz, Christoph"]
[Result "1/2-1/2"]
[WhiteElo "2155"]
[BlackElo "1972"]
[PlyCount "62"]
[EventDate "2024.??.??"]

1. Nf3 Nf6 2. g3 d5 3. Bg2 e6 4. O-O Bd6 5. d4 O-O 6. c4 c6 7. Qc2 Ne4 8. Nfd2 f5 9. f3 Nxd2 10. Bxd2 f4 11. c5 Bc7 12. Bxf4 Bxf4 13. gxf4 Rxf4 14. e3 Rh4 15. Nd2 e5 16. dxe5 Bh3 17. Bxh3 Rxh3 18. Qf5 Rh6 19. f4 Na6 20. Rac1 Qe7 21. Qc2 Qh4 22. Nf3 Qh3 23. Kf2 Rf8 24. Rg1 Qe6 25. Rg2 d4 26. Qc4 dxe3+ 27. Kxe3 Qxc4 28. Rxc4 Nc7 29. Rg4 Nd5+ 30. Kf2 Rh5 31. Ra4 a6 1/2-1/2

[Event "OLNW 2324 SK Nordhorn Blanke - SK Rickli"]
[Site "?"]
[Date "2024.02.04"]
[Round "5.7"]
[White "Ploog, Martin"]
[Black "Stotyn, Fabian"]
[Result "1-0"]
[WhiteElo "2002"]
[BlackElo "2127"]
[PlyCount "107"]
[EventDate "2024.??.??"]

1. c4 Nf6 2. g3 e6 3. Bg2 d5 4. Nf3 d4 5. O-O Nc6 6. e3 e5 7. exd4 exd4 8. d3 Be7 9. b3 O-O 10. Na3 Bc5 11. Nc2 a5 12. a3 Bf5 13. Rb1 Be7 14. b4 axb4 15. axb4 Ra2 16. b5 Na5 17. Rb2 Rxb2 18. Bxb2 Bg6 19. Ncxd4 Bc5 20. Qa1 b6 21. Rd1 Qd6 22. Bc3 Rd8 23. Bxa5 Bxd4 24. Nxd4 Qxd4 25. Bc3 Qc5 26. Bxf6 gxf6 27. Qxf6 Rd6 28. Qc3 Rd4 29. Ra1 f6 30. Ra7 Rxd3 31. Qxf6 Rd1+ 32. Bf1 Re1 33. Ra8+ Be8 34. Kg2 Qh5 35. Bd3 Rd1 36. Qe6+ Kf8 37. Bxh7 Rd6 38. Qg8+ Ke7 39. Qg7+ Bf7 40. Be4 Qc5 41. Qf8+ Ke6 42. Bd5+ Rxd5 43. cxd5+ Qxd5+ 44. f3 Qxb5 45. Qh6+ Kd7 46. Qd2+ Kc6 47. Rd8 Kb7 48. h4 Bc4 49. g4 Qe5 50. h5 Qf6 51. Qd4 Qf7 52. Rd7 Qg8 53. h6 Qe6 54. Qe4+ 1-0

[Event "OLNW 2324 SK Nordhorn Blanke - SK Rickli"]
[Site "?"]
[Date "2024.02.04"]
[Round "5.8"]
[White "Bierenbroodspot, Paul"]
[Black "Rausch, Darius"]
[Result "1-0"]
[WhiteElo "2090"]
[BlackElo "1736"]
[PlyCount "92"]
[EventDate "2024.??.??"]

1. d4 Nf6 2. Nf3 g6 3. g3 Bg7 4. Bg2 O-O 5. O-O d6 6. b3 c5 7. Bb2 Nc6 8. Nbd2 Bf5 9. Re1 Ne4 10. Nh4 Nxd2 11. Nxf5 gxf5 12. Qxd2 Nxd4 13. Bxb7 Rb8 14. Bg2 Nxe2+ 15. Rxe2 Bxb2 16. Rd1 Bf6 17. Bh3 e6 18. Qxd6 Qxd6 19. Rxd6 Bd4 20. Rd2 Rfd8 21. Rxd8+ Rxd8 22. c3 Bf6 23. Rxd8+ Bxd8 24. b4 cxb4 25. cxb4 Kg7 26. a4 Kf6 27. f4 Bb6+ 28. Kf1 e5 29. a5 Be3 30. b5 exf4 31. Ke2 Ke5 32. Kf3 Bg1 33. gxf4+ Ke6 34. Ke2 Bxh2 35. b6 axb6 36. a6 Bxf4 37. a7 Bd6 38. a8=Q Kf6 39. Qc6 Ke7 40. Bxf5 Bh2 41. Qe4+ Kd6 42. Kd3 h5 43. Qh4 Be5 44. Qxh5 f6 45. Kc4 Kc6 46. Qe8+ Kc7 1-0

[Event "OLNW 2324 SK Union Oldenburg - Braunschw"]
[Site "?"]
[Date "2024.02.04"]
[Round "5.1"]
[White "Riemay, David"]
[Black "Wittje, Berthold"]
[Result "0-1"]
[WhiteElo "2220"]
[BlackElo "2258"]
[PlyCount "78"]
[EventDate "2024.??.??"]

1. e4 Nf6 2. e5 Nd5 3. d4 d6 4. c4 Nb6 5. f4 g6 6. Nc3 Bg7 7. Be3 Be6 8. Rc1 dxe5 9. fxe5 O-O 10. b3 c5 11. d5 Bc8 12. Nf3 Bg4 13. Be2 N8d7 14. Qd2 e6 15. d6 Nxe5 16. O-O Nbd7 17. Ne4 b6 18. Bh6 f5 19. Nxe5 Bxh6 20. Qxh6 Nxe5 21. Ng5 Qd7 22. Bxg4 Nxg4 23. Qh4 Rae8 24. Rfe1 e5 25. Rcd1 e4 26. Nh3 Rf6 27. Nf4 Rxd6 28. Nd5 Qd8 29. Qg3 Ree6 30. Re2 Nf6 31. Red2 Nxd5 32. Rxd5 Rxd5 33. Rxd5 Qf6 34. Qc7 Re7 35. Rd8+ Kg7 36. Qb8 f4 37. h4 e3 38. Rg8+ Kh6 39. Rf8 e2 0-1

[Event "OLNW 2324 SK Union Oldenburg - Braunschw"]
[Site "?"]
[Date "2024.02.04"]
[Round "5.2"]
[White "Mueer, Sebastian"]
[Black "Reller, Ole"]
[Result "1/2-1/2"]
[WhiteElo "2160"]
[BlackElo "2058"]
[PlyCount "93"]
[EventDate "2024.??.??"]

1. c4 b6 2. Nc3 Bb7 3. e4 c5 4. Nf3 Nf6 5. d3 Nc6 6. Be2 g6 7. d4 cxd4 8. Nxd4 Bg7 9. Be3 Nxd4 10. Bxd4 O-O 11. O-O d6 12. Qd3 Nd7 13. Bxg7 Kxg7 14. Rae1 Nc5 15. Qe3 e5 16. f4 exf4 17. Rxf4 Ne6 18. Rf2 Qg5 19. Qxg5 Nxg5 20. Bd1 Rae8 21. Bc2 f5 22. Rfe2 Nxe4 23. Nxe4 Bxe4 24. Bxe4 fxe4 25. Rxe4 Rxe4 26. Rxe4 Rf6 27. g3 Kf7 28. Kg2 h5 29. g4 hxg4 30. Rxg4 Rf5 31. Kg3 d5 32. Rd4 dxc4 33. Rxc4 Ra5 34. a4 b5 35. Rc7+ Kf6 36. Rc6+ Kg7 37. Rc5 Rxa4 38. Rxb5 a5 39. b3 Ra3 40. Kg4 a4 41. b4 Ra2 42. Ra5 a3 43. b5 Kh6 44. b6 Rb2 45. Rxa3 Rb4+ 46. Kg3 Rxb6 47. Rc3 1/2-1/2

[Event "OLNW 2324 SK Union Oldenburg - Braunschw"]
[Site "?"]
[Date "2024.02.04"]
[Round "5.3"]
[White "Cebulla, Konstantin"]
[Black "Bredemeier, Dirk"]
[Result "1/2-1/2"]
[WhiteElo "2088"]
[BlackElo "2248"]
[PlyCount "95"]
[EventDate "2024.??.??"]

1. d4 Nf6 2. c4 e6 3. g3 Bb4+ 4. Bd2 Qe7 5. Nf3 Nc6 6. Nc3 Bxc3 7. Bxc3 Ne4 8. Qc2 Nxc3 9. Qxc3 Qb4 10. Rc1 Qxc3+ 11. Rxc3 d6 12. d5 Ne7 13. dxe6 Bxe6 14. Nd4 Bd7 15. Bg2 Nc6 16. Nxc6 Bxc6 17. Bxc6+ bxc6 18. Ra3 Kd7 19. Ra5 Rhb8 20. b3 c5 21. Kd2 Kc6 22. Rb1 a6 23. a3 Kb6 24. b4 Re8 25. Kd3 Re6 26. Ra4 Rf6 27. bxc5+ Kxc5 28. Ra5+ Kc6 29. f3 Re6 30. e4 Re5 31. Rd5 Rae8 32. g4 g6 33. g5 h6 34. gxh6 Rh8 35. f4 Re7 36. c5 dxc5 37. Rc1 Rxh6 38. Rdxc5+ Kb6 39. Kd4 Rxh2 40. Rb1+ Ka7 41. Rbc1 Kb7 42. Rb1+ Kc8 43. Rc6 Rh4 44. Rf6 g5 45. Rf1 Kb7 46. Rb1+ Kc8 47. Rf1 Kb7 48. Rb1+ 1/2-1/2

[Event "OLNW 2324 SK Union Oldenburg - Braunschw"]
[Site "?"]
[Date "2024.02.04"]
[Round "5.4"]
[White "Meessen, Max"]
[Black "Nimtz, Manfred"]
[Result "1-0"]
[WhiteElo "2129"]
[BlackElo "2159"]
[PlyCount "127"]
[EventDate "2024.??.??"]

1. d4 Nf6 2. c4 g6 3. Nf3 Bg7 4. Nc3 d5 5. cxd5 Nxd5 6. e4 Nxc3 7. bxc3 O-O 8. Be2 b6 9. O-O Bb7 10. Qd3 Ba6 11. Qe3 Qc8 12. a4 Bxe2 13. Qxe2 Qa6 14. Qb5 Qxb5 15. axb5 a5 16. bxa6 Nxa6 17. Bf4 f6 18. Ra2 e5 19. Bg3 c5 20. Rfa1 Nc7 21. Rxa8 Rxa8 22. Rxa8+ Nxa8 23. dxe5 b5 24. Kf1 Nb6 25. Ke2 Nc4 26. exf6 Bxf6 27. Kd3 Nb2+ 28. Kc2 Nc4 29. Kd3 Nb2+ 30. Kc2 Nc4 31. Bf4 Na3+ 32. Kb3 Nc4 33. Ng5 Bxg5 34. Bxg5 Kf7 35. Bf4 Ke6 36. Kc2 h5 37. Kd3 Nb2+ 38. Kc2 Nc4 39. Kd3 Nb2+ 40. Ke2 Na4 41. Bd2 Nb2 42. f4 Na4 43. Ke3 Nb2 44. g3 Nc4+ 45. Kd3 Nb2+ 46. Ke2 Na4 47. h3 Nb2 48. g4 hxg4 49. hxg4 Na4 50. f5+ gxf5 51. exf5+ Ke5 52. Kf3 c4 53. Be1 Nc5 54. Bf2 Nb3 55. Bg3+ Kf6 56. Bf4 Nc5 57. Be3 Nd3 58. Ke4 b4 59. g5+ Kf7 60. cxb4 Nxb4 61. Bd4 Nc6 62. g6+ Kg8 63. f6 Nd8 64. Kd5 1-0

[Event "OLNW 2324 SK Union Oldenburg - Braunschw"]
[Site "?"]
[Date "2024.02.04"]
[Round "5.5"]
[White "Clemens, Christian"]
[Black "Wagner, Jan"]
[Result "1-0"]
[WhiteElo "2161"]
[BlackElo "2122"]
[PlyCount "137"]
[EventDate "2024.??.??"]

1. g3 g6 2. Bg2 Bg7 3. e4 Nc6 4. Ne2 e5 5. c3 Nge7 6. d4 d6 7. O-O O-O 8. d5 Nb8 9. c4 Nd7 10. Nbc3 f5 11. f3 Nf6 12. Be3 fxe4 13. Nxe4 Nf5 14. Bf2 Bh6 15. Qd3 Nxe4 16. fxe4 Ng7 17. Be3 Bxe3+ 18. Qxe3 b6 19. Rxf8+ Qxf8 20. Qg5 Bd7 21. Rf1 Qd8 22. Qh6 Nh5 23. Bf3 Nf6 24. Qh4 Kg7 25. Qg5 Qe7 26. Qe3 Rf8 27. Nc3 a6 28. Qe2 h6 29. c5 dxc5 30. Qxa6 Ne8 31. Qe2 Qg5 32. Kg2 Nd6 33. h4 Qf6 34. Rf2 Rf7 35. Nd1 h5 36. Bxh5 Qe7 37. Rxf7+ Qxf7 38. Bf3 Qf6 39. Qd3 Nc4 40. Qc3 Nd6 41. Nf2 g5 42. Bg4 Qxf2+ 43. Kxf2 Nxe4+ 44. Kf3 Nxc3 45. Bxd7 e4+ 46. Kf2 Nxd5 47. hxg5 e3+ 48. Kf3 Kg6 49. Bc6 Ne7 50. Bd7 Nd5 51. Bc6 Ne7 52. Be4+ Kxg5 53. Kxe3 Kg4 54. Kf2 Nc8 55. Bf3+ Kg5 56. Ke3 Nd6 57. b3 Nf5+ 58. Kf2 Nd6 59. Bc6 Nf5 60. Bd7 Ng7 61. Kf3 Nh5 62. g4 Nf6 63. Be6 Ne8 64. Ke4 Nd6+ 65. Kd5 Nb5 66. Kc6 Nd4+ 67. Kd7 Nxe6 68. Kxe6 Kxg4 69. a4 1-0

[Event "OLNW 2324 SK Union Oldenburg - Braunschw"]
[Site "?"]
[Date "2024.02.04"]
[Round "5.6"]
[White "Eschholz, Enno"]
[Black "Cichy, Michael"]
[Result "1/2-1/2"]
[WhiteElo "2146"]
[BlackElo "2000"]
[PlyCount "63"]
[EventDate "2024.??.??"]

1. e4 c5 2. Nc3 e6 3. g3 Nc6 4. Bg2 Nf6 5. Nge2 d5 6. exd5 exd5 7. O-O d4 8. Ne4 Nxe4 9. Bxe4 Bd6 10. d3 O-O 11. Nf4 Bd7 12. Qh5 h6 13. Bd2 Qg5 14. Qd1 Bxf4 15. Bxf4 Qf6 16. Qh5 g5 17. Bd2 Ne5 18. h3 Qe6 19. f4 Nc4 20. Rfe1 Nxd2 21. Bh7+ Kxh7 22. Rxe6 fxe6 23. Rd1 Nf3+ 24. Qxf3 Bc6 25. Qe2 gxf4 26. g4 f3 27. Qf2 Rf4 28. Re1 Bd5 29. Re5 Raf8 30. b3 R8f6 31. Kh2 Kg7 32. Kg3 1/2-1/2

[Event "OLNW 2324 SK Union Oldenburg - Braunschw"]
[Site "?"]
[Date "2024.02.04"]
[Round "5.7"]
[White "Hagemann, Sven"]
[Black "Peters, Tom"]
[Result "1/2-1/2"]
[WhiteElo "1962"]
[BlackElo "2131"]
[PlyCount "110"]
[EventDate "2024.??.??"]

1. e4 c5 2. Nc3 Nc6 3. f4 e6 4. Nf3 a6 5. g3 d5 6. d3 Nf6 7. Qe2 Nd4 8. Qf2 Ng4 9. Qg2 Qa5 10. h3 Nf6 11. Ne5 b5 12. Be3 b4 13. Bxd4 cxd4 14. Nd1 Bb7 15. b3 dxe4 16. Be2 Qc7 17. dxe4 Bxe4 18. Bf3 Bxf3 19. Qxf3 Rc8 20. Nc4 Bc5 21. Nf2 O-O 22. Nd3 Nd7 23. O-O Rce8 24. a3 bxa3 25. Nxc5 Qxc5 26. Rxa3 e5 27. Ra5 Qc7 28. fxe5 Nxe5 29. Rxe5 Rxe5 30. Nxe5 Qxe5 31. Kg2 f5 32. Rf2 g6 33. Re2 Qd6 34. Rd2 f4 35. g4 Qc5 36. Kh2 g5 37. Kg2 Re8 38. Re2 Re3 39. Qa8+ Kf7 40. Qb7+ Ke6 41. Qxa6+ Ke5 42. Kf2 Qd5 43. Qd3 Kf6 44. Rxe3 fxe3+ 45. Kg1 Qe5 46. Qa6+ Ke7 47. Qb7+ Kd6 48. Qb8+ Kd5 49. Qa8+ Kc5 50. Qa5+ Kd6 51. Qa6+ Ke7 52. Qa7+ Kf8 53. Qa8+ Kg7 54. Qa7+ Kg6 55. Qa6+ Qf6 1/2-1/2

[Event "OLNW 2324 SK Union Oldenburg - Braunschw"]
[Site "?"]
[Date "2024.02.04"]
[Round "5.8"]
[White "Schuette, Marc"]
[Black "Wetterau, Nathanael"]
[Result "1-0"]
[WhiteElo "2127"]
[BlackElo "1840"]
[PlyCount "53"]
[EventDate "2024.??.??"]

1. e4 e5 2. Nf3 Nf6 3. Nc3 Nc6 4. Bb5 Nd4 5. Bd3 Nxf3+ 6. Qxf3 c6 7. Bc4 b5 8. Bb3 Bc5 9. d3 h6 10. Be3 Bb6 11. Qg3 Bxe3 12. fxe3 Qe7 13. Qxg7 Rg8 14. Qxh6 a5 15. O-O Rg6 16. Qh8+ Ng8 17. Bxf7+ Qxf7 18. Rxf7 Kxf7 19. Qh7+ Rg7 20. Rf1+ Nf6 21. Qh5+ Rg6 22. Qxe5 Bb7 23. Qc7 Ke7 24. Ne2 Ng4 25. Nf4 Rg5 26. Rf3 Rag8 27. Qxb7 1-0